Southville International School and Colleges
Your cart is empty.
  • Cart
  • Lists
    Public lists Eva Luna New books Lux_list list_1
    Your lists Log in to create your own lists
  • Log in to your account
  • Your cookies
  • Search history
Southville International School and Colleges
  • Advanced search
  • Recent comments
  • Most popular
  • Libraries

Log in to your account

Log in with GOOGLE


If you do not have an external account, but do have a local account, you can still log in:

  1. Home
  2. MARC view: Hazel's amazing mother /
Normal view MARC view ISBD view

Hazel's amazing mother / (Record no. 103930)

[ view plain ]
MARC details
000 -LEADER
fixed length control field 00580nam a2200181 a 4500
005 - DATE AND TIME OF LATEST TRANSACTION
control field 20140412111310.0
008 - FIXED-LENGTH DATA ELEMENTS--GENERAL INFORMATION
fixed length control field 030326s19uu xx 00 eng d
020 ## - INTERNATIONAL STANDARD BOOK NUMBER
International Standard Book Number 0-14-054911-0
050 ## - LIBRARY OF CONGRESS CALL NUMBER
Classification number TR(PS E
Item number Ha11 1985
100 ## - MAIN ENTRY--PERSONAL NAME
Personal name Wells, Rosemary
245 ## - TITLE STATEMENT
Title Hazel's amazing mother /
Statement of responsibility, etc Rosemary Wells.
260 ## - PUBLICATION, DISTRIBUTION, ETC. (IMPRINT)
Place of publication, distribution, etc New York :
Name of publisher, distributor, etc A Puffin Pied Piper,
Date of publication, distribution, etc 1985.
300 ## - PHYSICAL DESCRIPTION
Extent 1 v. (unp.) ; ill.
520 ## - SUMMARY, ETC.
Summary, etc "A beguiling book with a nonsensical streak that will make children look again and laugh".
650 ## - SUBJECT ADDED ENTRY--TOPICAL TERM
Topical term or geographic name as entry element Mothers--Fiction
650 ## - SUBJECT ADDED ENTRY--TOPICAL TERM
Topical term or geographic name as entry element Children stories
Holdings
Withdrawn status Lost status Damaged status Home library Current library Shelving location Date acquired Source of acquisition Cost, normal purchase price Total Checkouts Full call number Barcode Date last seen Price effective from Koha item type
      Elizalde Library Elizalde Library Teachers Reference Section 03/26/2003   183.00   TR(PS E Ha11 1985 E6122 04/12/2014 04/12/2014 Books

Hazel's amazing mother /

APA

Wells R., . (1985). Hazel's amazing mother. New York: A Puffin Pied Piper.

Chicago

Wells Rosemary, . 1985. Hazel's amazing mother. New York: A Puffin Pied Piper.

Harvard

Wells R., . (1985). Hazel's amazing mother. New York: A Puffin Pied Piper.

MLA

Wells Rosemary, . Hazel's amazing mother. New York: A Puffin Pied Piper. 1985.

  • Place hold
  • Print
  • Cite
  • Add to your cart (remove)
  • Save record
    BIBTEX Dublin Core MARCXML MARC (non-Unicode/MARC-8) MARC (Unicode/UTF-8) MARC (Unicode/UTF-8, Standard) MODS (XML) RIS
  • More searches
    Search for this title in:
    Other Libraries (WorldCat) Other Databases (Google Scholar) Online Stores (Bookfinder.com) Open Library (openlibrary.org)

Exporting to Dublin Core...

SOUTHVILLE LIBRARY

Southville International School and Colleges Library

1281 Tropical Ave. Cor. Luxembourg St., BF Homes International, Las Pinas City

Tel. No. 8256374 / 252358 Loc. 117/146

Powered by Koha